[Event "II Open A"]
[Site "San Marino SMR"]
[Date "2006.06.07"]
[Round "4"]
[White "Kuljasevic, Davorin"]
[Black "Parligras, Mircea-Emilian"]
[Result "1/2-1/2"]
[WhiteElo "2408"]
[BlackElo "2543"]
[PlyCount "82"]
[EventDate "2006.06.05"]

1. d4 g6 2. Nf3 Bg7 3. c4 d6 4. Nc3 Bg4 5. g3 Bxf3 6. exf3 h5 7. Be3 Nc6 8. d5
Ne5 9. h3 c5 10. f4 Nd7 11. Bd3 Bxc3+ 12. bxc3 Qa5 13. Bd2 O-O-O 14. Kf1 Nh6
15. Qc2 Nb6 16. a4 Kb8 17. Kg2 Rd7 18. g4 hxg4 19. hxg4 Rdd8 20. Qd1 f5 21. g5
Nf7 22. Qe2 Nc8 23. Qe6 Rxh1 24. Rxh1 Nh8 25. Bc2 Qa6 26. Rxh8 Rxh8 27. Qxg6
Qxc4 28. Qxf5 Qe2 29. Be3 Nb6 30. Bd3 Qd1 31. c4 Qh1+ 32. Kg3 Nxa4 33. Bd2 Nb2
34. Bc3 Qh2+ 35. Kf3 Nxd3 36. Bxh8 Qxf2+ 37. Kg4 Qe2+ 38. Kg3 Qe3+ 39. Kg4 Qe2+
40. Kh4 Qh2+ 41. Kg4 Qe2+ 1/2-1/2

[Event "II Open A"]
[Site "San Marino SMR"]
[Date "2006.06.07"]
[Round "4"]
[White "Laylo, Darwin"]
[Black "Kuzubov, Yuriy"]
[Result "1/2-1/2"]
[WhiteElo "2406"]
[BlackElo "2554"]
[PlyCount "82"]
[EventDate "2006.06.05"]

1. c4 Nf6 2. Nc3 e5 3. g3 Bb4 4. Bg2 O-O 5. e4 Bxc3 6. bxc3 d6 7. Ne2 Be6 8. d3
Qd7 9. O-O Bh3 10. f4 Na6 11. f5 Bxg2 12. Kxg2 h6 13. g4 c6 14. Ng3 d5 15. g5
hxg5 16. Bxg5 Nh7 17. Qg4 f6 18. Be3 dxe4 19. Nxe4 Qxd3 20. Rf3 Qe2+ 21. Bf2
Rad8 22. Re1 Qc2 23. Rh3 Rd3 24. Re2 Qd1 25. Rxd3 Qxd3 26. Rd2 Qb1 27. Rd7 Ng5
28. Nxg5 fxg5 29. Qxg5 Qe4+ 30. Kg3 Rf7 31. Rd8+ Rf8 32. Be3 Rxd8 33. Qxd8+ Kf7
34. Qd7+ Kg8 35. Qe8+ Kh7 36. Qh5+ Kg8 37. Qg5 Kf7 38. h4 Nb8 39. Qg6+ Kg8 40.
Qe6+ Kh7 41. Qg6+ Kg8 1/2-1/2

[Event "II Open A"]
[Site "San Marino SMR"]
[Date "2006.06.07"]
[Round "4"]
[White "Malakhatko, Vadim"]
[Black "Godena, Michele"]
[Result "1/2-1/2"]
[WhiteElo "2559"]
[BlackElo "2537"]
[PlyCount "38"]
[EventDate "2006.06.05"]

1. d4 d5 2. c4 e6 3. Nc3 Nf6 4. Bg5 Nbd7 5. e3 c6 6. a3 Be7 7. Nf3 O-O 8. Qc2
a6 9. Rd1 b6 10. Bd3 Bb7 11. O-O Rc8 12. Qe2 dxc4 13. Bxc4 b5 14. Ba2 c5 15.
dxc5 Rxc5 16. Bh4 Ne4 17. Nxe4 Bxe4 18. Bxe7 Qxe7 19. Nd4 Rfc8 1/2-1/2

[Event "II Open A"]
[Site "San Marino SMR"]
[Date "2006.06.07"]
[Round "4"]
[White "Markowski, Tomasz"]
[Black "Khmelniker, Ilya"]
[Result "1-0"]
[WhiteElo "2554"]
[BlackElo "2451"]
[PlyCount "81"]
[EventDate "2006.06.05"]

1. g3 Nf6 2. Bg2 g6 3. c4 Bg7 4. Nc3 O-O 5. d3 c6 6. e4 e5 7. Nge2 d6 8. O-O
Be6 9. h3 Qd7 10. Kh2 d5 11. exd5 cxd5 12. d4 dxc4 13. dxe5 Ne8 14. f4 Nc6 15.
Be3 Nc7 16. Qxd7 Bxd7 17. Rfd1 Be6 18. Rd2 f6 19. exf6 Bxf6 20. Rad1 Rfd8 21.
Rxd8+ Rxd8 22. Rxd8+ Bxd8 23. Bxc6 bxc6 24. Bxa7 Nb5 25. Bc5 Bf6 26. g4 Kf7 27.
Kg3 Bc8 28. Ne4 Ba6 29. Nxf6 Kxf6 30. a4 Nc7 31. Nc3 Bc8 32. Ne4+ Ke6 33. Kf3
h5 34. gxh5 gxh5 35. f5+ Kd5 36. Kf4 c3 37. bxc3 Kc4 38. Bd4 Kb3 39. Nc5+ Kc4
40. Ke5 Nd5 41. Ne4 1-0

[Event "II Open A"]
[Site "San Marino SMR"]
[Date "2006.06.07"]
[Round "4"]
[White "Nolte, Rolando"]
[Black "Heberla, Bartlomiej"]
[Result "0-1"]
[WhiteElo "2372"]
[BlackElo "2497"]
[PlyCount "82"]
[EventDate "2006.06.05"]

1. e4 e5 2. Nf3 Nc6 3. Bb5 Bc5 4. O-O Nge7 5. c3 Bb6 6. Na3 O-O 7. Nc4 d5 8.
Nxb6 axb6 9. d3 f6 10. h3 Be6 11. Qc2 Qe8 12. Be3 Qh5 13. Nh2 Qf7 14. Bxc6 Nxc6
15. b3 Rfd8 16. f4 exf4 17. Bxf4 dxe4 18. dxe4 Qe7 19. Nf3 Bf7 20. Rae1 Bg6 21.
Rf2 Re8 22. Rfe2 b5 23. Kh2 Rad8 24. Re3 Bh5 25. Nd4 Ne5 26. Nxb5 Qc5 27. c4
Rd7 28. Nc3 Red8 29. Rg3 Nd3 30. Rxd3 Rxd3 31. Nd5 Qd4 32. Nxc7 Rc3 33. Qb1 Bf3
34. Qb2 Bg4 35. Bg3 Qd3 36. Qf2 Rc2 37. Re3 Qd1 38. Qe1 Bf3 39. Bf2 Qxe1 40.
Rxe1 Rxf2 41. Kg3 Rdd2 0-1

[Event "II Open A"]
[Site "San Marino SMR"]
[Date "2006.06.07"]
[Round "4"]
[White "Nordenbaek, Jan"]
[Black "Vocaturo, Daniele"]
[Result "0-1"]
[WhiteElo "2251"]
[BlackElo "2402"]
[PlyCount "62"]
[EventDate "2006.06.05"]

1. e4 c5 2. Nf3 d6 3. d4 cxd4 4. Qxd4 a6 5. c4 Nc6 6. Qd2 g6 7. Nc3 Bg7 8. h3
Nf6 9. Be2 Nd7 10. O-O Nc5 11. Qe3 O-O 12. Rd1 f5 13. exf5 gxf5 14. Bf1 Kh8 15.
Qe1 Nb4 16. Rb1 f4 17. a3 Nc2 18. Qd2 Bf5 19. b4 Ne4 20. Nxe4 Bxe4 21. Rb3 Rc8
22. Bb2 Bxb2 23. Rxb2 Bxf3 24. Qc3+ e5 25. Qxf3 Nd4 26. Qxb7 f3 27. g3 Qg5 28.
Qxa6 Nf5 29. Qb6 Rg8 30. Kh1 e4 31. Rd5 Qc1 0-1

[Event "II Open A"]
[Site "San Marino SMR"]
[Date "2006.06.07"]
[Round "4"]
[White "Rodshtein, Maxim"]
[Black "Gagunashvili, Merab"]
[Result "1/2-1/2"]
[WhiteElo "2483"]
[BlackElo "2560"]
[PlyCount "172"]
[EventDate "2006.06.05"]

1. d4 Nf6 2. c4 e6 3. Nc3 Bb4 4. Qc2 O-O 5. a3 Bxc3+ 6. Qxc3 d6 7. Nf3 Nbd7 8.
e3 Re8 9. b4 e5 10. Bb2 e4 11. Nd2 d5 12. c5 c6 13. a4 Nf8 14. h3 Ng6 15. Be2
Nh4 16. g3 Ng6 17. O-O-O h5 18. Nb3 Be6 19. Qe1 Qd7 20. Qf1 Kf8 21. Bc3 Ke7 22.
b5 Rh8 23. Rd2 h4 24. g4 Nh7 25. Rb2 Rhb8 26. Na5 Kf8 27. Kc2 Ne7 28. f4 exf3
29. Qxf3 b6 30. Nb3 Ng5 31. Qf4 Ne4 32. Rc1 Kg8 33. Kb1 Ng6 34. Qh2 Rc8 35. Bb4
cxb5 36. axb5 Qd8 37. Nd2 Qg5 38. Nxe4 dxe4 39. Qf2 bxc5 40. dxc5 Qd5 41. c6
Ne5 42. Rc5 Nd3 43. Rxd5 Nxf2 44. Rh5 Nxh3 45. Rxh4 Ng5 46. Rh5 f6 47. Bc5 Kf7
48. Rh1 Nf3 49. Rc1 Rc7 50. Rc3 Ne5 51. Bd6 Rcc8 52. Bxe5 fxe5 53. Rc5 Kf6 54.
c7 Rh8 55. Rd2 Rac8 56. Rd6 Ke7 57. Ra6 Rh1+ 58. Kc2 Rh2 59. Kd1 Kd7 60. Rxa7
Rh1+ 61. Kd2 Rb1 62. Bd1 Kd6 63. Rc6+ Kd7 64. Rb6 Bb3 65. Bxb3 Rxb3 66. Kc2
Rxe3 67. Rc6 Re2+ 68. Kb3 Rd2 69. Rc1 Rd6 70. Rb7 Rd3+ 71. Kb2 Rd2+ 72. Kb3
Rd3+ 73. Kb4 Rd4+ 74. Ka5 Ra8+ 75. Kb6 Kc8 76. Rc6 Rd5 77. Rb8+ Rxb8+ 78.
cxb8=Q+ Kxb8 79. Re6 Rd8 80. Rxe5 Rd6+ 81. Kc5 Rg6 82. Rxe4 Kb7 83. Rb4 Rg5+
84. Kd6 Kb6 85. Ke6 Ka5 86. Rf4 Kb6 1/2-1/2

[Event "II Open A"]
[Site "San Marino SMR"]
[Date "2006.06.07"]
[Round "4"]
[White "Scalcione, Michelangelo"]
[Black "Nohr, Finn"]
[Result "1-0"]
[WhiteElo "2255"]
[BlackElo "2115"]
[PlyCount "85"]
[EventDate "2006.06.05"]

1. Nf3 d5 2. d4 Nf6 3. c4 c6 4. Nc3 e6 5. Bg5 h6 6. Bxf6 Qxf6 7. e3 Bd6 8. Qc2
O-O 9. a3 Qe7 10. e4 dxe4 11. Nxe4 Bc7 12. O-O-O Rd8 13. Bd3 Nd7 14. Rhe1 Nf8
15. h4 e5 16. dxe5 Bxe5 17. Neg5 Bf4+ 18. Kb1 Be6 19. Nxe6 Nxe6 20. Bh7+ Kh8
21. Bf5 Qf6 22. Bxe6 fxe6 23. Qe4 Qf5 24. Rd4 Bc7 25. Qxf5 exf5 26. c5 Rxd4 27.
Nxd4 Rd8 28. Nxf5 Rd2 29. Re8+ Kh7 30. Re7 Rxf2 31. Nxg7 Bd8 32. Rxb7 Kg6 33.
Ne8 Bxh4 34. g3 Bg5 35. Rc7 Rf1+ 36. Ka2 Kh5 37. Rxc6 Kg4 38. Nd6 Bc1 39. Ne4
Re1 40. Re6 Kf5 41. Re8 Rxe4 42. Rxe4 Kxe4 43. c6 1-0

[Event "II Open A"]
[Site "San Marino SMR"]
[Date "2006.06.07"]
[Round "4"]
[White "So, Wesley"]
[Black "Omeri, Silvan"]
[Result "1-0"]
[WhiteElo "2254"]
[BlackElo "2105"]
[PlyCount "77"]
[EventDate "2006.06.05"]

1. e4 c5 2. Nf3 e6 3. d4 cxd4 4. Nxd4 a6 5. Bd3 Qc7 6. O-O Nf6 7. Qe2 d6 8. c4
Be7 9. Nc3 O-O 10. Kh1 Nc6 11. Nxc6 bxc6 12. f4 e5 13. f5 Bb7 14. Bg5 h6 15.
Bh4 Nh7 16. Bf2 Nf6 17. Bh4 Nh7 18. Bg3 Rfd8 19. Rae1 Nf8 20. Nd1 Nd7 21. Ne3
a5 22. Rf2 Bg5 23. h3 Qb6 24. Ng4 Nf6 25. Nh2 h5 26. Nf3 Bh6 27. Bh4 Re8 28.
Nh2 d5 29. Bxf6 gxf6 30. Ref1 dxe4 31. Bxe4 Be3 32. Rf3 Bf4 33. Rb3 Qc7 34.
Qxh5 Ba6 35. Rxf4 exf4 36. Ng4 Rxe4 37. Nxf6+ Kg7 38. Nxe4 Rh8 39. f6+ 1-0

[Event "II Open A"]
[Site "San Marino SMR"]
[Date "2006.06.07"]
[Round "4"]
[White "Sulskis, Sarunas"]
[Black "Nguyen, Chi-Minh"]
[Result "0-1"]
[WhiteElo "2497"]
[BlackElo "2356"]
[PlyCount "96"]
[EventDate "2006.06.05"]

1. e4 e6 2. d4 d5 3. Nc3 Bb4 4. e5 Ne7 5. a3 Bxc3+ 6. bxc3 c5 7. Qg4 O-O 8. Bd3
Nbc6 9. Bg5 Qa5 10. Ne2 Ng6 11. Kd1 Qa4 12. f3 Ngxe5 13. Qg3 Ng6 14. h4 f5 15.
h5 Nh8 16. Nf4 Qa5 17. dxc5 Qxc5 18. Rb1 e5 19. Re1 a6 20. h6 g6 21. Nh5 Qd6
22. Ng7 Nf7 23. a4 Nxg5 24. Qxg5 Nd8 25. Qe3 Nf7 26. c4 e4 27. Bf1 Rd8 28. cxd5
Qh2 29. fxe4 Qxh6 30. Qxh6 Nxh6 31. c4 fxe4 32. Rxe4 Kxg7 33. Re7+ Nf7 34. a5
Kf6 35. Rc7 h5 36. Kd2 Nd6 37. Kc3 Rd7 38. Rxd7 Bxd7 39. Bd3 Bf5 40. Bxf5 Kxf5
41. Kd4 Rc8 42. Rf1+ Kg5 43. Rc1 Kf4 44. c5 Nf5+ 45. Kc4 Ne3+ 46. Kd4 Nf5+ 47.
Kc4 Ke4 48. Re1+ Ne3+ 0-1

[Event "II Open A"]
[Site "San Marino SMR"]
[Date "2006.06.07"]
[Round "4"]
[White "Vazquez Igarza, Renier"]
[Black "Efimenko, Zahar"]
[Result "1/2-1/2"]
[WhiteElo "2517"]
[BlackElo "2648"]
[PlyCount "41"]
[EventDate "2006.06.05"]

1. d4 Nf6 2. Nf3 e6 3. Bg5 c5 4. e3 Be7 5. c4 O-O 6. Nc3 cxd4 7. Nxd4 Qb6 8. a3
Nc6 9. Be2 d6 10. O-O a6 11. b4 Bd7 12. Nb3 Rfd8 13. Rc1 Be8 14. e4 Ne5 15. Be3
Qc7 16. f4 Ng6 17. Nd4 Qd7 18. Nb3 Qc6 19. Nd4 Qd7 20. Nb3 Qc6 21. Nd4 1/2-1/2

[Event "II Open A"]
[Site "San Marino SMR"]
[Date "2006.06.07"]
[Round "4"]
[White "Zude, Erik"]
[Black "Vescovi Portilho, Giovanni"]
[Result "1-0"]
[WhiteElo "2416"]
[BlackElo "2622"]
[PlyCount "53"]
[EventDate "2006.06.05"]

1. d4 d5 2. c4 c6 3. Nc3 Nf6 4. Nf3 dxc4 5. a4 Bf5 6. Nh4 Bg4 7. h3 Bh5 8. g4
Bg6 9. Nxg6 hxg6 10. e3 Qd7 11. Qf3 Na6 12. Bxc4 Nb4 13. O-O e6 14. Rd1 Be7 15.
e4 O-O 16. Qe2 c5 17. d5 exd5 18. e5 d4 19. exf6 Bxf6 20. Bf4 Rae8 21. Qf3 Be5
22. Ne4 Qc7 23. Bd2 Nc6 24. Kh1 d3 25. Nc3 Bd4 26. Bxd3 Ne5 27. Bf4 1-0

[Event "II Open A"]
[Site "San Marino SMR"]
[Date "2006.06.08"]
[Round "5"]
[White "Agrifoglio, Fabio"]
[Black "Mola, Pietro"]
[Result "1/2-1/2"]
[WhiteElo "2005"]
[BlackElo "2279"]
[PlyCount "119"]
[EventDate "2006.06.05"]

1. d4 Nf6 2. Nf3 e6 3. Bg5 h6 4. Bxf6 Qxf6 5. e3 g6 6. Nbd2 Bg7 7. Bd3 d6 8.
O-O O-O 9. c3 Nd7 10. Qc2 a6 11. Rfe1 e5 12. Rad1 Qe7 13. Bc4 Kh7 14. e4 Nf6
15. dxe5 dxe5 16. h3 Nh5 17. Nf1 Nf4 18. Kh2 Qf6 19. Ng1 b5 20. Be2 Nxe2 21.
Rxe2 Be6 22. Ne3 c6 23. Red2 Rfd8 24. Rxd8 Rxd8 25. Rxd8 Qxd8 26. b4 h5 27. a3
Bh6 28. Nf3 Qd6 29. Qd2 Qxd2 30. Nxd2 Kg7 31. Kg1 f5 32. h4 Kf6 33. Nef1 Bf8
34. f3 Be7 35. Kf2 Bf7 36. g3 Ke6 37. Kg2 Kd6 38. exf5 gxf5 39. Ne3 Be6 40. Kf2
c5 41. Ng2 Bd8 42. Ne3 Bb6 43. Ke2 a5 44. g4 cxb4 45. cxb4 hxg4 46. fxg4 fxg4
47. Ne4+ Ke7 48. h5 axb4 49. axb4 Bxe3 50. Kxe3 Bf5 51. Nc3 Kf6 52. Nxb5 Kg5
53. Nd6 Be6 54. b5 Bd5 55. b6 Kxh5 56. b7 Bxb7 57. Nxb7 Kh4 58. Kf2 Kh3 59. Nd6
Kh2 60. Ne4 1/2-1/2

[Event "II Open A"]
[Site "San Marino SMR"]
[Date "2006.06.08"]
[Round "5"]
[White "Baldazzi, Stefano"]
[Black "Fornasir, Carlo Gustavo"]
[Result "1-0"]
[WhiteElo "2168"]
[BlackElo "2039"]
[PlyCount "91"]
[EventDate "2006.06.05"]

1. c4 e5 2. g3 Nf6 3. Bg2 Nc6 4. Nc3 d6 5. d3 Be7 6. Nf3 h6 7. O-O O-O 8. Rb1
Be6 9. b4 a6 10. a4 Qd7 11. e3 Bh3 12. b5 axb5 13. axb5 Na5 14. e4 b6 15. Re1
Bxg2 16. Kxg2 Nb7 17. Nh4 Nh7 18. Nf5 Bg5 19. h4 Bxc1 20. Qg4 Qxf5 21. exf5 Bd2
22. Nd5 Bxe1 23. f6 g6 24. Rxe1 h5 25. Qf3 Nc5 26. Qe3 Ra3 27. Rd1 Nd7 28. Qf3
Ra7 29. d4 exd4 30. Rxd4 Re8 31. g4 hxg4 32. Rxg4 Ne5 33. Qe3 Re6 34. Rf4 Nxc4
35. Ne7+ Kh8 36. Nxg6+ Kg8 37. Qg3 Nxf6 38. Rxc4 Nh5 39. Ne7+ Kf8 40. Qf3 Kxe7
41. Qxh5 Re5 42. Qh7 Rxb5 43. Rf4 Kd7 44. Rxf7+ Kc8 45. Qe4 Rc5 46. Rf8+ 1-0

[Event "II Open A"]
[Site "San Marino SMR"]
[Date "2006.06.08"]
[Round "5"]
[White "Bentivegna, Francesco"]
[Black "Faccia, Sergio"]
[Result "1-0"]
[WhiteElo "2287"]
[BlackElo "2042"]
[PlyCount "89"]
[EventDate "2006.06.05"]

1. Nc3 Nf6 2. d4 d5 3. Bg5 e6 4. e4 Be7 5. e5 Nfd7 6. h4 f6 7. Qh5+ g6 8. exf6
gxh5 9. fxe7 Qxe7 10. Bxe7 Kxe7 11. Nf3 Nf6 12. Bd3 Bd7 13. Ne2 Nc6 14. c3 Rhg8
15. Nf4 Kd6 16. O-O-O Raf8 17. g3 Ne7 18. Rhe1 Ng4 19. Re2 Ng6 20. Bxg6 hxg6
21. Rde1 Rf6 22. Ne5 g5 23. Nxh5 gxh4 24. Nxg4 Rf5 25. Nhf6 Rg6 26. Nxd7 Rxg4
27. Ne5 Rg7 28. gxh4 Rh7 29. Nd3 Rf6 30. Nc5 Rhh6 31. Nxb7+ Kc6 32. Nc5 Kd6 33.
h5 c6 34. Re5 a5 35. R1e2 Ke7 36. f4 Kf7 37. Rxe6 Rxh5 38. Rxf6+ Kxf6 39. Re6+
Kf5 40. Re5+ Kg4 41. Rxh5 Kxh5 42. Kd2 Kg4 43. Ke3 Kf5 44. Nb3 a4 45. Nc5 1-0

[Event "II Open A"]
[Site "San Marino SMR"]
[Date "2006.06.08"]
[Round "5"]
[White "Bottino, Alexiei"]
[Black "Damia, Angelo"]
[Result "1/2-1/2"]
[WhiteElo "2048"]
[BlackElo "2183"]
[PlyCount "41"]
[EventDate "2006.06.05"]

1. e4 d6 2. d4 Nf6 3. Nc3 e5 4. dxe5 dxe5 5. Qxd8+ Kxd8 6. Bg5 Be6 7. O-O-O+
Nbd7 8. f4 exf4 9. Nf3 a6 10. e5 h6 11. Bh4 g5 12. Nxg5 hxg5 13. Bxg5 Kc8 14.
exf6 Bh6 15. Bxh6 Rxh6 16. Be2 Rxf6 17. Nd5 Bxd5 18. Rxd5 c6 19. Rd4 Kc7 20.
Rf1 Rg8 21. Rf2 1/2-1/2

[Event "II Open A"]
[Site "San Marino SMR"]
[Date "2006.06.08"]
[Round "5"]
[White "Calavalle, Giulio"]
[Black "Vianello, Enrico"]
[Result "0-1"]
[WhiteElo "2193"]
[BlackElo "2094"]
[PlyCount "60"]
[EventDate "2006.06.05"]

1. e4 c5 2. Nc3 Nc6 3. f4 g6 4. Bc4 e6 5. Nge2 Bg7 6. O-O Nge7 7. d3 d5 8. Bb3
O-O 9. Ng3 Nd4 10. Nce2 Nxb3 11. axb3 dxe4 12. dxe4 Qxd1 13. Rxd1 e5 14. Be3 b6
15. b4 cxb4 16. f5 gxf5 17. Bxb6 f4 18. Bc5 Re8 19. Nh5 Bg4 20. Nxg7 Kxg7 21.
Rd2 Nc6 22. Nc1 Red8 23. Nd3 f5 24. exf5 e4 25. Nf2 Rxd2 26. Nxg4 Rxc2 27. Bd6
f3 28. gxf3 exf3 29. f6+ Kf7 30. Rf1 Rg2+ 0-1

[Event "II Open A"]
[Site "San Marino SMR"]
[Date "2006.06.08"]
[Round "5"]
[White "Daurelle, Herve"]
[Black "Lanzani, Mario"]
[Result "1/2-1/2"]
[WhiteElo "2204"]
[BlackElo "2347"]
[PlyCount "50"]
[EventDate "2006.06.05"]

1. e4 e5 2. Nf3 Nc6 3. Bb5 a6 4. Ba4 Nf6 5. O-O Nxe4 6. d4 b5 7. Bb3 d5 8. dxe5
Be6 9. Nbd2 Be7 10. c3 O-O 11. Bc2 f5 12. exf6 Nxf6 13. Nb3 Bg4 14. Qd3 Ne4 15.
Nbd4 Nxd4 16. Nxd4 Bd6 17. Nxb5 Bxh2+ 18. Kxh2 axb5 19. Kg1 Bf5 20. Qe3 Qd6 21.
Bxe4 dxe4 22. Qg5 h6 23. Qh4 Qg6 24. Bf4 Qf7 25. a3 Qb3 1/2-1/2

[Event "II Open A"]
[Site "San Marino SMR"]
[Date "2006.06.08"]
[Round "5"]
[White "Delorme, Alban"]
[Black "Sulskis, Sarunas"]
[Result "0-1"]
[WhiteElo "2298"]
[BlackElo "2497"]
[PlyCount "34"]
[EventDate "2006.06.05"]

1. e4 e5 2. d4 exd4 3. Qxd4 Nc6 4. Qe3 g6 5. Nc3 Bg7 6. Bd2 Nf6 7. O-O-O O-O 8.
f3 d5 9. Qf2 dxe4 10. Bg5 Qe7 11. Nd5 Qe5 12. f4 Qxb2+ 13. Kxb2 Ng4+ 14. Kc1
Nxf2 15. Nxc7 Rb8 16. Bh4 Nxd1 17. Kxd1 Bg4+ 0-1

[Event "II Open A"]
[Site "San Marino SMR"]
[Date "2006.06.08"]
[Round "5"]
[White "Flores, Diego"]
[Black "Paragua, Mark"]
[Result "1-0"]
[WhiteElo "2494"]
[BlackElo "2617"]
[PlyCount "91"]
[EventDate "2006.06.05"]

1. c4 c6 2. Nf3 d5 3. e3 Nf6 4. Nc3 a6 5. Qc2 e6 6. b3 Bd6 7. d4 Nbd7 8. Bb2
O-O 9. Be2 b5 10. O-O Bb7 11. Rfe1 Rc8 12. c5 Bb8 13. Bd3 e5 14. dxe5 Nxe5 15.
Nxe5 Bxe5 16. f4 Bc7 17. Ne2 Re8 18. Ng3 Ra8 19. Qc3 Bc8 20. Qd4 Be6 21. h3 Qe7
22. Bc2 Rad8 23. a4 a5 24. axb5 cxb5 25. b4 a4 26. Bd3 Rb8 27. Ne2 Bd7 28. Nc3
Bc6 29. Rad1 Red8 30. Bb1 Rd7 31. g4 Qf8 32. g5 Nh5 33. Qd3 g6 34. Qd4 Qg7 35.
Ne2 Rdd8 36. Qd2 Qf8 37. Nd4 Bd7 38. Qg2 Qe8 39. Ba2 Ng7 40. Kf2 Be6 41. Qf3
Rd7 42. h4 Rdd8 43. h5 Nxh5 44. Rh1 Bc8 45. Rxh5 gxh5 46. Qxh5 1-0

[Event "II Open A"]
[Site "San Marino SMR"]
[Date "2006.06.08"]
[Round "5"]
[White "Genocchio, Daniele"]
[Black "Massironi, Marco"]
[Result "1/2-1/2"]
[WhiteElo "2340"]
[BlackElo "2118"]
[PlyCount "74"]
[EventDate "2006.06.05"]

1. e4 c5 2. Nf3 d6 3. Bc4 Nf6 4. d3 e6 5. O-O Be7 6. Nbd2 Nc6 7. c3 O-O 8. Bb3
b5 9. Re1 Qc7 10. Nf1 a6 11. Ng3 Bb7 12. a3 Rac8 13. Bf4 Ne5 14. Ba2 Rfd8 15.
d4 Ng6 16. Bd2 cxd4 17. cxd4 Qc2 18. Qxc2 Rxc2 19. Bc3 Rc8 20. Bb1 R8xc3 21.
bxc3 Rxc3 22. d5 exd5 23. exd5 Nxd5 24. Be4 Bf6 25. Rad1 Rc5 26. Nf5 Nc3 27.
Nxd6 Nxd1 28. Bxb7 Nc3 29. Re8+ Nf8 30. g4 h6 31. Ra8 Ne2+ 32. Kg2 Nf4+ 33. Kg3
Ne2+ 34. Kg2 Nf4+ 35. Kg3 Ne2+ 36. Kh3 Nf4+ 37. Kg3 Ne2+ 1/2-1/2

[Event "II Open A"]
[Site "San Marino SMR"]
[Date "2006.06.08"]
[Round "5"]
[White "Lujan, Carolina Maria"]
[Black "Lacrosse, Marc"]
[Result "1-0"]
[WhiteElo "2378"]
[BlackElo "2231"]
[PlyCount "39"]
[EventDate "2006.06.05"]

1. e4 e5 2. Nf3 Nc6 3. Bb5 a6 4. Ba4 Nf6 5. O-O Nxe4 6. d4 b5 7. Bb3 d5 8. dxe5
Be6 9. Be3 Bc5 10. Qe2 Bxe3 11. Qxe3 Ne7 12. c3 O-O 13. Rd1 c6 14. Nbd2 Nf5 15.
Qe2 Nxd2 16. Rxd2 Qb6 17. Bc2 Rae8 18. Nd4 Nxd4 19. Rxd4 f5 20. exf6 1-0

[Event "II Open A"]
[Site "San Marino SMR"]
[Date "2006.06.08"]
[Round "5"]
[White "Meenakshi, Subbaraman"]
[Black "Kanina, Adriatik"]
[Result "1-0"]
[WhiteElo "2282"]
[BlackElo "2150"]
[PlyCount "81"]
[EventDate "2006.06.05"]

1. d4 d5 2. Nc3 c6 3. e4 dxe4 4. Nxe4 Bf5 5. Ng3 Bg6 6. h4 h6 7. Nf3 Nd7 8. Bd3
Bxd3 9. Qxd3 Ngf6 10. Be3 Qa5+ 11. Bd2 Qa4 12. b3 Qa3 13. O-O e6 14. c4 Be7 15.
Ne5 Rd8 16. Qe2 Qb2 17. Nf3 O-O 18. Rfe1 Rfe8 19. Bf4 Qxe2 20. Rxe2 c5 21. Bc7
Rc8 22. Ba5 cxd4 23. Nxd4 Ng4 24. Rd1 Nf8 25. Nb5 b6 26. Be1 Bxh4 27. Nxa7 Rcd8
28. Red2 f5 29. Nb5 Rxd2 30. Rxd2 Rd8 31. a4 Rxd2 32. Bxd2 Nd7 33. b4 g6 34.
Nd6 e5 35. Nc8 Kf7 36. c5 bxc5 37. a5 Bd8 38. b5 Ke6 39. a6 Bb6 40. Nxb6 Nxb6
41. Ba5 1-0

[Event "II Open A"]
[Site "San Marino SMR"]
[Date "2006.06.08"]
[Round "5"]
[White "Sulava, Nenad"]
[Black "Lamoureux, Charles"]
[Result "1-0"]
[WhiteElo "2493"]
[BlackElo "2376"]
[PlyCount "73"]
[EventDate "2006.06.05"]

1. d4 d5 2. c4 e6 3. Nc3 Nf6 4. Nf3 c6 5. g3 Be7 6. Bg2 O-O 7. O-O Nbd7 8. b3
b6 9. Qc2 Ba6 10. Rd1 Rc8 11. e4 h6 12. Bf4 b5 13. e5 Nh5 14. Be3 f5 15. exf6
Nhxf6 16. Bh3 bxc4 17. Bxe6+ Kh8 18. Nh4 g5 19. Ng6+ Kg7 20. h4 Nh7 21. hxg5
hxg5 22. Nxf8 Nhxf8 23. Bf5 Rc7 24. Kg2 Nb6 25. Rh1 Nc8 26. Rh5 Nd6 27. Rah1
Kf7 28. Rh8 Bf6 29. Bg6+ Ke6 30. Qe2 Rg7 31. Qg4+ Ke7 32. Bxg5 Rxg6 33. Bxf6+
Rxf6 34. Re1+ Ne4 35. f3 Qa5 36. Re3 cxb3 37. fxe4 1-0

[Event "II Open A"]
[Site "San Marino SMR"]
[Date "2006.06.08"]
[Round "5"]
[White "Venturino, Marco"]
[Black "Nordenbaek, Jan"]
[Result "1-0"]
[WhiteElo "2134"]
[BlackElo "2251"]
[PlyCount "83"]
[EventDate "2006.06.05"]

1. d4 Nf6 2. c4 g6 3. g3 Bg7 4. Bg2 O-O 5. Nc3 d6 6. Nf3 Nc6 7. O-O a6 8. Qd3
Nd7 9. e4 e5 10. d5 Ne7 11. Be3 h6 12. Qd2 Kh7 13. Ne1 f5 14. f3 fxe4 15. Nxe4
Nf5 16. Bf2 Nd4 17. f4 Nb6 18. Rc1 Re8 19. fxe5 dxe5 20. Nf3 Bf5 21. Nxe5 Ne2+
22. Qxe2 Rxe5 23. g4 Bxe4 24. Bxe4 Qe7 25. Bxg6+ Kxg6 26. Qd3+ Re4 27. Rce1 Re8
28. Bxb6 cxb6 29. Rf4 Qc5+ 30. Kg2 Qd4 31. Qc2 Qxc4 32. Qb1 Qxa2 33. Qxa2 Rxe1
34. Qc4 R1e2+ 35. Rf2 R8e4 36. Qd3 R2e3 37. Qc2 Kg5 38. h3 Kh4 39. Qc7 Re7 40.
Qd8 Be5 41. d6 Rg3+ 42. Kf1 1-0

[Event "II Open A"]
[Site "San Marino SMR"]
[Date "2006.06.08"]
[Round "5"]
[White "You Zi Chih, Stefano"]
[Black "Virzi, Ettore"]
[Result "1/2-1/2"]
[WhiteElo "1995"]
[BlackElo "2016"]
[PlyCount "40"]
[EventDate "2006.06.05"]

1. e4 e5 2. Nf3 Nc6 3. d4 exd4 4. Bc4 Nf6 5. O-O Nxe4 6. Re1 d5 7. Bxd5 Qxd5 8.
Nc3 Qa5 9. Nxe4 Be6 10. Neg5 O-O-O 11. Nxe6 fxe6 12. Rxe6 Bd6 13. Bg5 Rde8 14.
Qe2 Kd7 15. Re1 Qxe1+ 16. Nxe1 Rxe6 17. Qg4 Rhe8 18. Nd3 Kc8 19. g3 Kb8 20. Kf1
a6 1/2-1/2

[Event "II Open A"]
[Site "San Marino SMR"]
[Date "2006.06.09"]
[Round "6"]
[White "Bonafede, Alessandro"]
[Black "Lanzani, Mario"]
[Result "0-1"]
[WhiteElo "2161"]
[BlackElo "2347"]
[PlyCount "72"]
[EventDate "2006.06.05"]

1. e4 e5 2. Nf3 Nc6 3. Bb5 a6 4. Ba4 Nf6 5. O-O Nxe4 6. d4 b5 7. Bb3 d5 8. dxe5
Be6 9. Nbd2 Be7 10. c3 O-O 11. Bc2 f5 12. exf6 Nxf6 13. Re1 Bg4 14. Nf1 d4 15.
h3 Bh5 16. Qe2 Bd6 17. Bg5 Ne5 18. g4 d3 19. Bb3+ Kh8 20. Qe3 Nxf3+ 21. Qxf3
Bg6 22. Ne3 Ne4 23. Qxe4 Qxg5 24. Qg2 Rae8 25. Bd5 Bc5 26. Bc6 Re6 27. Qd5 Re5
28. Qg2 Rxf2 29. Kxf2 Bxe3+ 30. Kf1 d2 31. Re2 Bc2 32. Rf2 Bd3+ 33. Kg1 Qh4 34.
Qf3 Qxf2+ 35. Qxf2 Bxf2+ 36. Kxf2 Re2+ 0-1

[Event "II Open A"]
[Site "San Marino SMR"]
[Date "2006.06.09"]
[Round "6"]
[White "Canova, Luca"]
[Black "Di Caro, Calogero"]
[Result "0-1"]
[WhiteElo "2106"]
[BlackElo "2318"]
[PlyCount "88"]
[EventDate "2006.06.05"]

1. e4 c5 2. Nc3 Nc6 3. g3 d6 4. Bg2 g6 5. d3 Bg7 6. Nge2 e6 7. Be3 Nd4 8. Qd2
Ne7 9. O-O O-O 10. Nc1 e5 11. f4 exf4 12. Bxf4 Be6 13. Nd5 Ndc6 14. Bh6 Bxd5
15. Bxg7 Kxg7 16. exd5 Ne5 17. Ne2 Qb6 18. c3 Rae8 19. Nf4 Ng8 20. Kh1 Re7 21.
h3 Rfe8 22. Rae1 Qd8 23. b3 Nd7 24. h4 Rxe1 25. Rxe1 Rxe1+ 26. Qxe1 Ne5 27. Bh3
Nf6 28. c4 a6 29. Kg2 h5 30. Qc3 Qb6 31. Ne2 Kg8 32. Nf4 Qc7 33. Qe1 b6 34. Qe3
b5 35. Qf2 Kg7 36. Qd2 Qb6 37. Qc3 Kg8 38. Qd2 a5 39. Qf2 Kg7 40. Qe3 a4 41.
Qe1 bxc4 42. bxc4 Qb2+ 43. Qf2 a3 44. Qe2 Nxd3 0-1

[Event "II Open A"]
[Site "San Marino SMR"]
[Date "2006.06.09"]
[Round "6"]
[White "Garcia Palermo, Carlos Horacio"]
[Black "Valdes Romero, Leonardo"]
[Result "1-0"]
[WhiteElo "2462"]
[BlackElo "2374"]
[PlyCount "79"]
[EventDate "2006.06.05"]

1. Nf3 Nf6 2. c4 g6 3. Nc3 Bg7 4. e4 d6 5. d4 O-O 6. Be3 e5 7. Be2 h6 8. O-O
Ng4 9. Bc1 Nc6 10. d5 Ne7 11. g3 f5 12. Nh4 Nf6 13. exf5 g5 14. Ng6 Nxg6 15.
fxg6 Bf5 16. f3 Qd7 17. Be3 Rae8 18. c5 e4 19. Bb5 c6 20. Bc4 Kh8 21. dxc6 bxc6
22. Bf7 exf3 23. Qxf3 Bg4 24. Qf2 Ne4 25. Bxe8 Qxe8 26. Qxf8+ Bxf8 27. Rxf8+
Qxf8 28. Bd4+ Kg8 29. Nxe4 Qf3 30. Nf6+ Kg7 31. Nxg4+ Kxg6 32. Nf2 dxc5 33. Bc3
h5 34. Re1 Qf7 35. a3 Qc4 36. Re5 g4 37. h3 h4 38. Re4 Qa2 39. Rxg4+ Kf5 40.
Rxh4 1-0